Майлс и Найлс 2 (Запис номер 348888)
[ съкратено ]
| 000 -Лидер | |
|---|---|
| Контролно поле с фиксирана дължина | 00949nam a2200241 a 4500 |
| 003 - Код на организацията, давaща контролен номер | |
| Контролно поле | BLK |
| 005 - Дата и час на последна редакция | |
| Контролно поле | 20240705135001.0 |
| 008 - Елементи от данни с фиксирана дължина | |
| fixed length control field | 200305b bu ||||| |||| 00| 0 bu d |
| 020 ## - Международен стандартен номер на книга ISBN | |
| Международен стандартен номер на книга ISBN | 9789542826354 |
| 040 ## - Източник на каталожния запис | |
| Идентификатор на билиотеката - собственик на записа | BLK |
| 041 ## - Код за език | |
| Код за езика на текст/звукозапис или на отделно заглавие | Български |
| Код за езика КДБФ | Български |
| 080 ## - УДК | |
| Текстов определител УДК | Американска литература (на САЩ) |
| УДК код - определител по УДК | 821.111(73) |
| УДК определител | -93 |
| УДК - код + определител | 821.111(73)-93 |
| 100 ## - Редна дума - Автор | |
| R(LIN) | 337796 |
| Автор | Барнет, Мак |
| Авторска отговорност | първи автор |
| 139 ## - Редно поле | |
| Редна дума | Барнет, Мак |
| Авторски знак | Бар - Б 26 |
| 245 ## - Сведения за заглавието | |
| Заглавие | Майлс и Найлс 2 |
| Подзаглавни данни | Положението се влошава |
| Редно поле (дума) | Мак Барнет ; прев. от англ. Надя Златкова |
| 260 ## - Област на издателските данни | |
| 9 (RLIN) | 219755 |
| Място на издаване, разпространение и проч. | София |
| Име на издателя, разпространителя и проч. | Сиела |
| Година на издаване | 2018 |
| Печатница | "Алианс Принт" ЕООД |
| 300 ## - Физическа характеристика | |
| Страници | 207 с. |
| Размери/Мащаб | 22 см |
| 380 ## - Жанр | |
| Жанр | Детска худож. лит. |
| 700 ## - Други автори (авторска отговорност) | |
| Лично име | Златкова, Надя Иванова |
| Дати, свързани с автора | 1957 - |
| 9 (RLIN) | 363518 |
| 999 ## - СИСТЕМНИ КОНТРОЛНИ НОМЕРА | |
| Koha biblionumber | 348888 |
| Koha biblioitemnumber | 348888 |
| 942 ## - АРТИКУЛИ | |
| Вид на библиотечния материал | Книги |
| Скрит в OPAC | Не |
| Периодичен библиозапис | Да |
| Koha issues (borrowed), all copies | 7 |
| 944 ## - СЪЗДАВАНЕ И РЕДАКЦИЯ на ЗАПИСА | |
| Създаване/Редакция | Създаване |
| Дата на регистрацията/редакция | 2020-03-05 |
| Статус, дата на статуса | Геновева Генчева |
| Служител, извършил регистрацията/редакцията | 30560 |
| 999 ## - СИСТЕМНИ КОНТРОЛНИ НОМЕРА | |
| Koha biblioitemnumber | 348888 |
| Код за отписване | Код за изгубен артикул | Източник на класификационната схема | Код за повреда | Код за отдаване | Артикулен № | Име на библиотеката - собственик | Име на библиотеката, в която се намира в момента | Статус (Текущо местоположение) | Дата на вписване в системата | Местоположение - отдел | Цена в лева | Систематично азбучна сигнатура | Баркод | Цена в евро | Служебен тип на артикула |
|---|---|---|---|---|---|---|---|---|---|---|---|---|---|---|---|
| Не е изгубен | Universal Decimal Classification | Не е повреден | заемане за дома | 756289 | Регионална библиотека "Любен Каравелов" Русе | Регионална библиотека "Любен Каравелов" Русе | Детски отдел | 2020-03-10 | Детски отдел | 6.95 | 821-93/Б 26 | 120000843122 | 3.55 | Книги | |
| Не е изгубен | Universal Decimal Classification | Не е повреден | заемане за дома | 756290 | Регионална библиотека "Любен Каравелов" Русе | Регионална библиотека "Любен Каравелов" Русе | Детски отдел | 2020-03-10 | Детски отдел | 6.95 | 821-93/Б 26 | 120000843123 | 3.55 | Книги |